Central Library OPAC University of Rajshahi

Interlocking directorates : (Record no. 58713)

MARC details
000 -LEADER
fixed length control field 00843nam a2200253 a 4500
001 - CONTROL NUMBER
control field 58713
003 - CONTROL NUMBER IDENTIFIER
rucl marc code BD-RjUL
005 - DATE AND TIME OF LATEST TRANSACTION
control field 20211209080641.0
008 - FIXED-LENGTH DATA ELEMENTS--GENERAL INFORMATION
fixed length control field 161219s1980 cau b 001 0 eng
020 ## - INTERNATIONAL STANDARD BOOK NUMBER
International Standard Book Number 0875894690
035 ## - SYSTEM CONTROL NUMBER
System control number (BD-RjUL)58837
040 ## - CATALOGING SOURCE
Original cataloging agency DLC
Transcribing agency DLC
Modifying agency BD-RjUL
Language of cataloging eng
041 ## - LANGUAGE CODE
Language code of text/sound track or separate title eng
082 00 - DEWEY DECIMAL CLASSIFICATION NUMBER
Classification number 338.87
Edition number 23
Author mark and year PEI 1980
100 1# - MAIN ENTRY--PERSONAL NAME
Personal name Pennings, Johannes M.
9 (RLIN) 174515
245 10 - TITLE STATEMENT
Title Interlocking directorates :
Remainder of title origins and consequences of connections among organizations' Boards of Directors /
Statement of responsibility, etc. Johannes M. Pennings.
250 ## - EDITION STATEMENT
Edition statement 1st ed.
260 ## - PUBLICATION, DISTRIBUTION, ETC. (IMPRINT)
Place of publication, distribution, etc. San Francisco, Calif. :
Name of publisher, distributor, etc. Jossey-Bass publication,
Date of publication, distribution, etc. c1980.
300 ## - PHYSICAL DESCRIPTION
Pagination xvi, 220 p. ;
Size 24 cm.
504 ## - BIBLIOGRAPHY, ETC. NOTE
Bibliography, etc Includes index and Bibliography: p. 199-209.
650 #0 - SUBJECT ADDED ENTRY--TOPICAL TERM
Topical term or geographic name as entry element Interlocking directorates
Geographic subdivision United States.
9 (RLIN) 174516
942 ## - ADDED ENTRY ELEMENTS (KOHA)
Source of classification or shelving scheme Dewey Decimal Classification
Koha item type Books
Holdings
Lost status Source of classification or shelving scheme Damaged status Not for loan Collection code Permanent Location Current Location Shelving location Date acquired Source of acquisition Total Checkouts Full call number Date last seen Copy number Koha item type
  Dewey Decimal Classification   Not For Loan Non-fiction Central Library, University of Rajshahi Central Library, University of Rajshahi Reading Room 22/07/1985 Asia foundation   338.87 PEI 1980 19/12/2016 C-1 Books